| 000 | 00391nam a22001697a 4500 | ||
|---|---|---|---|
| 005 | 20180305122657.0 | ||
| 008 | 160614b xxu||||| |||| 00| 0 eng d | ||
| 020 | _a0-07-047441-9 | ||
| 041 | _aeng | ||
| 082 |
_b7556 _a332.1 |
||
| 100 |
_aSenghal Sanjeev _91920 |
||
| 245 | _aInternet banking the second wave | ||
| 260 | _bTMH | ||
| 300 | _a174 | ||
| 650 |
_aManagement _9241 |
||
| 942 | _cBK | ||
| 999 |
_c2699 _d2698 |
||